000 00973nmc a2200337 a 4500
003 AR-BaBNM
005 20251128204837.0
008 286019s1986 ||||||||||||||000 | spa||
020 _a950-614-422-2
040 _cAR-BaBNM
100 1 _aCárcano, Miguel Angel
245 1 0 _aSáenz Peña
_bla revolución por los comicios
260 _aBuenos Aires
_bHyspamérica
_c1986
300 0 _a231 p.
490 0 _aBiblioteca argentina de historia y política
_vv. 40
600 1 4 _aYrigoyen, Hipólito
600 1 4 _aSáenz Peña, Roque
_d1910-1913
610 2 4 _aUnión Cívica Radical [Argentina]
650 4 _aHISTORIA POLITICA ARGENTINA
650 4 _aPARTIDOS POLITICOS ARGENTINOS
650 4 _aOPOSICION POLITICA
650 4 _aSOCIALISMO
650 4 _aELECCIONES
650 4 _aSINDICALISMO
650 4 _aLEGISLACION ARGENTINA
651 4 _aArgentina
653 0 _aRADICALISMO
800 1 _aCostantini, Pablo
_edirector
942 _cBK
998 _cEnrique
999 _c9012
_d9012